000 00782nam a22001817a 4500
999 _c371726
_d371726
008 201127b ||||| |||| 00| 0 eng d
040 _aDE-2950
_bger
_cDE-2950
_erda
041 _ager
245 _aStraßensperrungen und Halteverbote.
_bVerkehr: Mit der Oderrundfahrt wird am Donnerstag der Bunte Hering in Frankfurt eingeläutet. Mehrere Straßen werden gesperrt. Auch beim Stadtfest selbst gibt es Einschränkungen /
_cThomas Gutke und Hubertus Rößler
264 _c2022
653 _aFrankfurt (Oder)
653 _aOderrundfahrt
773 _dFrankfurt (Oder) Märkisches Verlags- und Druckhaus GmbH & Co KG
_tMärkische Oderzeitung
_g33. Jahrgang (2022) Nr. 152 vom 05.07.2022, S. 15
942 _cA